| 000 | 00951nam a22002177a 4500 | ||
|---|---|---|---|
| 999 |
_c10510 _d10510 |
||
| 003 | AR-CdUCM | ||
| 008 | 190401b ||||| |||| 00| 0 spa d | ||
| 040 |
_aMUNICIPALIDAD PROVINCIAL DEL CUSCO _cBIBLIOTECA MUNICIPAL DEL CUSCO |
||
| 082 |
_aES / 500 / _bE71 |
||
| 110 |
_aSavat _927416 |
||
| 245 | _aEra atómica / | ||
| 260 |
_aBarcelona : _bSavat, _c1965. |
||
| 300 |
_a10 tomos. _bimágenes. _c30 cm. |
||
| 505 | _aContenido: t.1: La imagen del universo -- t:2: Los secretos del átomo -- t.3: La energía nuclear -- t.4: Radiactividad artificial -- t.5: Arquitectura de la materia -- t.6: El mundo de las oscilaciones -- t.7: Teoría de la información -- t.8: cibernética, electrónica y automación -- t.9: Aviones, cohetes y satélites -- t.10: Geopolítica de la energia. | ||
| 650 |
_aColección. _92826 |
||
| 650 |
_aEspacio. _920858 |
||
| 650 |
_aUniverso. _918615 |
||
| 650 |
_aMateria. _9883 |
||
| 942 |
_2ddc _cLIBROS |
||
| 945 | _awfj | ||